000 00580cam a22002054a 4500
005 20250605164145.0
008 250528s ||||||||||||||||||||||||d
035 _a19136
020 _a192800264
040 _aGR-AtMCL
_bgre
_dGR-AtMCL
_eAACR2
245 1 _aThe Concise Oxford Dictionary of Quotations / Third Edition
250 _a3rd
260 _bOxford University Press,
_c1994
300 _a584
520 _aThe most authoritative paperback dictionary of quotations.
700 1 _aPartington Angela
_95381
942 _cBK
999 _c4414
_d4414